000 00313nam a2200121Ia 4500
008 190216s9999||||xx |||||||||||||| ||und||
100 _aLyalikov &vulatov M
245 0 _aProblems In Physicochemical Methods Of Analysis
260 _bMir Publishers
_c1974
300 _a328p
650 _aChemistry
942 _cBK
999 _c2137
_d2137